Postavení investičního bankovnictví ve finančním systému

Vymedzenie pojmu investičné bankovníctvo. Modely začlenenia investičného bankovníctva do bankového systému: model univerzálneho bankovníctva, model oddeleného investičného a komerčného bankovníctva, zmiešaný model bankovníctva. Európska únia a bankové modely. Prepojenie bánk a nefinančných firiem (J...

Descrizione completa

Salvato in:
Dettagli Bibliografici
Autore principale: Musílek, Petr
Natura: Capitolo di libro
Lingua:ceco
Soggetti:
Tags: Aggiungi Tag
Nessun Tag, puoi essere il primo ad aggiungerne!!

MARC

LEADER 00000naa a2200000 4500
001 r035556
005 20231002094823.7
041 0 |a cze 
044 |a CZ 
245 1 0 |a Postavení investičního bankovnictví ve finančním systému  |c Petr Musílek 
520 |a Vymedzenie pojmu investičné bankovníctvo. Modely začlenenia investičného bankovníctva do bankového systému: model univerzálneho bankovníctva, model oddeleného investičného a komerčného bankovníctva, zmiešaný model bankovníctva. Európska únia a bankové modely. Prepojenie bánk a nefinančných firiem (Japonsko, Nemecko, USA). Problémy investičného bankovníctva v ČR. 
610 2 0 |a bankovníctvo investičné 
610 2 0 |a pojmy 
610 2 0 |a modely 
610 2 0 |a banky investičné 
610 2 0 |a banky obchodné 
610 2 0 |a Európska únia 
610 2 0 |a organizácie nefinančné 
610 2 0 |a keiretsu 
610 2 0 |a Japonsko 
610 2 0 |a Nemecko 
610 2 0 |a USA 
610 2 0 |a Česko 
100 1 |a Musílek, Petr